000 00343nam a2200157Ia 4500
008 160316s1988 xxu||||| |||| 00| 0 eng d
082 _a294.592500
_bBHA
100 _a
245 _aSri Mad Bhagavata puranam
250 _a
260 _a
_bSwadhyay Mandira
_c1988
300 _a29p
_b
_c
365 _bRs.190/-
650 _a
700 _a
_a
999 _c6255
_d6255